| Tag |
First Indicator |
Second Indicator |
Subfields |
| LEADER |
00000cam a22000008a 4500 |
| 001 |
in00001600566 |
| 005 |
20151022170946.0 |
| 008 |
000509s2000 enkab b 001 0 eng d |
| 015 |
|
|
|a GBA0-X8257
|
| 020 |
|
|
|a 0719039150
|
| 020 |
|
|
|a 0719039169 (pbk.)
|c £14.99
|
| 029 |
0 |
|
|a UKM
|b bA0X8257
|
| 035 |
|
|
|a (OCoLC)ocm44100995
|
| 040 |
|
|
|a UKM
|c UKM
|d IXA
|d TJC
|d TXA
|d UtOrBLW
|
| 043 |
|
|
|a e-xr---
|
| 049 |
|
|
|a TXAM
|
| 082 |
0 |
4 |
|a 720.943712
|2 21
|
| 090 |
|
|
|a NA1033.P7
|b P38 2000
|
| 100 |
1 |
|
|a Pavitt, Jane.
|
| 245 |
1 |
0 |
|a Prague /
|c Jane Pavitt.
|
| 264 |
|
1 |
|a Manchester ;
|a New York :
|b Manchester University Press :
|c 2000.
|
| 264 |
|
2 |
|a New York :
|b Distributed exclusively in the USA by St. Martin's Press,
|
| 300 |
|
|
|a 147 pages :
|b illustrations, maps ;
|c 22 cm.
|
| 336 |
|
|
|a text
|b txt
|2 rdacontent
|
| 337 |
|
|
|a unmediated
|b n
|2 rdamedia
|
| 338 |
|
|
|a volume
|b nc
|2 rdacarrier
|
| 490 |
1 |
|
|a Buildings of Europe
|
| 504 |
|
|
|a Includes bibliographical references (page 136) and index.
|
| 650 |
|
0 |
|a Architecture
|z Czech Republic
|z Prague.
|
| 650 |
|
0 |
|a Buildings
|z Czech Republic
|z Prague.
|
| 651 |
|
0 |
|a Prague (Czech Republic)
|x Buildings, structures, etc.
|
| 830 |
|
0 |
|a Buildings of Europe.
|
| 948 |
|
|
|a cataloged
|b h
|c 2001/2/23
|d c
|e jspillan
|f 11:06:21 am
|
| 994 |
|
|
|a E0
|b TXA
|
| 999 |
|
|
|a MARS
|
| 999 |
f |
f |
|s 26c2f365-b5e4-3c07-85c9-4414814537b7
|i df1192e5-ff8e-3ee8-b523-bad1b2a996d3
|t 0
|
| 952 |
f |
f |
|p ric
|a Texas A&M University
|b Rellis Campus
|c Joint Library Facility
|d Remote Storage
|t 0
|e NA1033.P7 P38 2000
|h Library of Congress classification
|i unmediated -- volume
|m A14827177223
|
| 998 |
f |
f |
|a NA1033.P7 P38 2000
|t 0
|l Remote Storage
|